00993nam a2200277 a 450000100100000000500170001000800410002702000150006804000250008308200260010810000290013424500480016325000110021126000700022230000410029250000340033365000340036770000240040170000300042570000270045570000340048270000430051604900090055995201300056899900170069800002151920200930011343.0100908s1995 xxua r 000 0 spa d a020160101X aDO-SdBNPbspacBNPHU a621.3192bN712c, 19951 aNilsson, James W.94484710aCircuitos eléctricos /cJames W. Nilsson. a4a ed. aDelaware, Estados Unidos :bAddison-Wesley Iberoamericana,c1995. axxiv, 981 p. :bil., diag. ;c23 cm. aIncluye índice de materias. 4aCircuitos eléctricos9258331 aRidel, Susan9448481 aShattuck, David P.9448491 aWittels, Norman9448501 aMorales Peake, Ernesto9448511 aSebastián Franco, José Luis944852 aBNGR 001054708MOaGRbGRcCTd2010-09-08iLF1l0o621.3192 N712c, 1995p21519-10r2020-06-25w2020-06-25y4ZPréstamo en sala c21019d21019